000 01007nam0a22003011 4500
001 RU\INFOCOMM_322\NLR\5000207758
005 20250613111428.0
035 _a(NLR Aleph) 009587786
090 _a9231506
_c9231506
100 _a20130301d1965 |||y0rusy50 ca
101 0 _ager
102 _aCZ
_aRU
105 _ay z |||||
200 1 _aDer Moskauer Kreml
_eArchitektur und Malerei
_e[Album]
_f[Einf. und Red. von Prof.] N. N. Woronin und Mitarb. Fotogr. von Karel Neubert]
210 _aPrag
_c"Artia"
_aM.
_c"Progress"
_dˆCop.‰1965
215 _a153 с.
_cцв. ил.
_d32 см
620 _aPraha
686 _aИс37-А283Кремль
_2rubbk
686 _aИс57-А210
_2rubbk
686 _aИс28-А20
_2rubbk
702 1 _9z01790
_aVoronin
_bN. N.
_f1904-
_gNikolaj Nikolaevič
_4340
702 1 _aNeubert
_bK.
_gKarel
_4600
790 1 _9z01702
_aWoronin
_bN. N.
_4340
801 1 _aRU
_bInfocomm
_c20130301
801 0 _aRU
_bINFOCOMM
_gPSBO
852 _aNLR
_jЭ АлТ63/2-М-821
942 _cBOOK
980 _aNB